Southville International School and Colleges
Your cart is empty.
  • Cart
  • Lists
    Public lists Eva Luna New books Lux_list list_1
    Your lists Log in to create your own lists
  • Log in to your account
  • Your cookies
  • Search history
Southville International School and Colleges
  • Advanced search
  • Recent comments
  • Most popular
  • Libraries

Log in to your account

Log in with GOOGLE


If you do not have an external account, but do have a local account, you can still log in:

  1. Home
  2. MARC view: Complete guide to the TOEIC test /
Normal view MARC view ISBD view

Complete guide to the TOEIC test / (Record no. 290870)

[ view plain ]
MARC details
000 -LEADER
fixed length control field 00749nam a2200277Ia 4500
008 - FIXED-LENGTH DATA ELEMENTS--GENERAL INFORMATION
fixed length control field 160216s9999 xx 000 0 und d
020 ## - INTERNATIONAL STANDARD BOOK NUMBER
International Standard Book Number 1-4240-0296-6
050 ## - LIBRARY OF CONGRESS CALL NUMBER
Classification number MAIN PE 1128
050 ## - LIBRARY OF CONGRESS CALL NUMBER
Item number .R64 2006
100 ## - MAIN ENTRY--PERSONAL NAME
Personal name Rogers, Bruce
245 ## - TITLE STATEMENT
Title Complete guide to the TOEIC test /
245 ## - TITLE STATEMENT
Statement of responsibility, etc Bruce Rogers.
250 ## - EDITION STATEMENT
Edition statement 3rd Edition
260 ## - PUBLICATION, DISTRIBUTION, ETC. (IMPRINT)
Place of publication, distribution, etc Australia :
260 ## - PUBLICATION, DISTRIBUTION, ETC. (IMPRINT)
Name of publisher, distributor, etc Thomson.
260 ## - PUBLICATION, DISTRIBUTION, ETC. (IMPRINT)
Date of publication, distribution, etc 2006
300 ## - PHYSICAL DESCRIPTION
Extent 335 pages :
300 ## - PHYSICAL DESCRIPTION
Other physical details ill. ;
300 ## - PHYSICAL DESCRIPTION
Dimensions 28 cm.
650 ## - SUBJECT ADDED ENTRY--TOPICAL TERM
Topical term or geographic name as entry element English language --
650 ## - SUBJECT ADDED ENTRY--TOPICAL TERM
Topical term or geographic name as entry element English language --
650 ## - SUBJECT ADDED ENTRY--TOPICAL TERM
Topical term or geographic name as entry element Test of English for International Communication --
650 ## - SUBJECT ADDED ENTRY--TOPICAL TERM
General subdivision Examinations -- Study guides.
650 ## - SUBJECT ADDED ENTRY--TOPICAL TERM
General subdivision Study guides.
650 ## - SUBJECT ADDED ENTRY--TOPICAL TERM
General subdivision Textbooks for foreign speakers.
Holdings
Withdrawn status Lost status Damaged status Home library Current library Shelving location Date acquired Cost, normal purchase price Total Checkouts Full call number Barcode Date last seen Price effective from Koha item type
      South Mansfield College South Mansfield College Reserve Section   1.00   MAIN PE 1128 .R64 2006 SMC03402 02/16/2016 02/16/2016  

Complete guide to the TOEIC test /

APA

Rogers B., .Complete guide to the TOEIC test. Australia: .

Chicago

Rogers Bruce, .Complete guide to the TOEIC test. Australia: .

Harvard

Rogers B., .Complete guide to the TOEIC test. Australia: .

MLA

Rogers Bruce, .Australia: . .

  • Place hold
  • Print
  • Cite
  • Add to your cart (remove)
  • Save record
    BIBTEX Dublin Core MARCXML MARC (non-Unicode/MARC-8) MARC (Unicode/UTF-8) MARC (Unicode/UTF-8, Standard) MODS (XML) RIS
  • More searches
    Search for this title in:
    Other Libraries (WorldCat) Other Databases (Google Scholar) Online Stores (Bookfinder.com) Open Library (openlibrary.org)

Exporting to Dublin Core...

SOUTHVILLE LIBRARY

Southville International School and Colleges Library

1281 Tropical Ave. Cor. Luxembourg St., BF Homes International, Las Pinas City

Tel. No. 8256374 / 252358 Loc. 117/146

Powered by Koha